| 000 | 00788nam a2200265 a 4500 | ||
|---|---|---|---|
| 001 | 86518 | ||
| 003 | BD-RjUL | ||
| 005 | 20260519140024.0 | ||
| 008 | 260519s1953 enk b 000 0 eng | ||
| 035 | _a(BD-RjUL)86518 | ||
| 040 |
_aDLC _cOT _dOCoLC _dUk _dDLC _dBD-RjUL _beng |
||
| 041 | _aeng | ||
| 042 | _apremarc | ||
| 082 |
_223 _a881.09 _bBOP 1953 |
||
| 100 | 1 |
_aBowra, C. M. _q(Cecil Maurice), _d1898-1971 _918539 |
|
| 245 | 1 | 0 |
_aProblems in Greek poetry / _cC. M. Bowra |
| 260 |
_aOxford : _bClarendon Press, _c1953. |
||
| 300 |
_a171 p.; _c23 cm. |
||
| 336 |
_atext _btxt _2rdacontent |
||
| 337 |
_aunmediated _bn _2rdamedia |
||
| 338 |
_avolume _bnc _2rdacarrier |
||
| 504 | _aBibliographical footnotes. | ||
| 650 | 0 |
_aGreek poetry _xHistory and criticism. _918540 |
|
| 942 |
_2ddc _cBK |
||
| 999 |
_c86518 _d86518 |
||